000 00414cam a2200169ua 4500
001 5312
008 120731n1993 II |||gr||||Z||||||eng
040 _aMAIN
041 _aEnglish
082 _a060 SRI
100 _aSRIVASTAVA, L. N.
245 _aINTERNATIONAL ORGANISATIONS
260 _aDELHI
_bSBD PUBLISHERS
_c1993
300 _a276:
_c22CM.
653 _aGeneral organizations & museum science
942 _cBK
999 _c5297
_d5297